Methods and material of residential construction
| Main Author: | |
|---|---|
| Format: | Book |
| Published: |
Reston :
Reston Publication ,
c1977
|
| Subjects: |
MARC
| LEADER | 00000cam a2200000 7i4500 | ||
|---|---|---|---|
| 001 | 0000000212 | ||
| 005 | 20220328.0 | ||
| 020 | |a 0879094885 | ||
| 040 | |a INS | ||
| 090 | 0 | 0 | |a TH4811. |b W36 1977 |
| 100 | 1 | |a Wass, Alonzo | |
| 245 | 1 | 0 | |a Methods and material of residential construction |c Alonzo Wass |
| 260 | |a Reston : |b Reston Publication , |c c1977 | ||
| 300 | |a 336p. ; |c 27cm. | ||
| 500 | |a Includes index | ||
| 650 | 0 | 0 | |a House construction |a Building materials |
| 999 | |a 0000001405 |b BOOK |c Open Shelf |e Default branch | ||